EFFECTS OF DRUG PROCUREMENT PROCESS IN THE DELIVERY OF HEALTH SERVICES TO PATIENTS IN KAKAMEGA COUNTY GENERAL TEACHING AND REFERRAL HOSPITAL (Record no. 3305)
[ view plain ]
| 000 -LEADER | |
|---|---|
| fixed length control field | 00588nam a22002057a 4500 |
| 003 - CONTROL NUMBER IDENTIFIER | |
| control field | OSt |
| 005 - DATE AND TIME OF LATEST TRANSACTION | |
| control field | 20211117085320.0 |
| 008 - FIXED-LENGTH DATA ELEMENTS--GENERAL INFORMATION | |
| fixed length control field | 211101b ||||| |||| 00| 0 eng d |
| 020 ## - INTERNATIONAL STANDARD BOOK NUMBER | |
| International Standard Book Number | - |
| 040 ## - CATALOGING SOURCE | |
| Transcribing agency | ALUPE UNIVERSITY COLLEGE |
| 050 ## - LIBRARY OF CONGRESS CALL NUMBER | |
| Classification number | RA399 |
| Item number | .O59 |
| 100 ## - MAIN ENTRY--PERSONAL NAME | |
| Personal name | DanielL Onyango Mauti |
| 245 ## - TITLE STATEMENT | |
| Title | EFFECTS OF DRUG PROCUREMENT PROCESS IN THE DELIVERY OF HEALTH SERVICES TO PATIENTS IN KAKAMEGA COUNTY GENERAL TEACHING AND REFERRAL HOSPITAL |
| 300 ## - PHYSICAL DESCRIPTION | |
| Extent | 23pgs |
| 500 ## - GENERAL NOTE | |
| General note | - |
| 504 ## - BIBLIOGRAPHY, ETC. NOTE | |
| Bibliography, etc. note | - |
| 650 ## - SUBJECT ADDED ENTRY--TOPICAL TERM | |
| Source of heading or term | procurement i health facilities |
| 700 ## - ADDED ENTRY--PERSONAL NAME | |
| Personal name | - |
| 942 ## - ADDED ENTRY ELEMENTS (KOHA) | |
| Source of classification or shelving scheme | |
| Koha item type | AUC Undergraduate Projects |
| Suppress in OPAC | PW |
| Withdrawn status | Lost status | Source of classification or shelving scheme | Damaged status | Not for loan | Permanent Location | Current Location | Shelving location | Date acquired | Source of acquisition | Total Checkouts | Full call number | Barcode | Date last seen | Copy number | Price effective from | Koha item type | Public note |
|---|---|---|---|---|---|---|---|---|---|---|---|---|---|---|---|---|---|
| AU LIBRARY | AU LIBRARY | Open Shelf | 01.11.2021 | DONATED BY DR. WILLIAM OKEDI FROM DEPARTMENT OF PUBLIC HEALTH AND BEHAVERIAL SCIENCES | RA399 .O59 2021 C1 | 28004349 | 01.11.2021 | C1 | 01.11.2021 | AUC Undergraduate Projects | PW | ||||||
| AU LIBRARY | AU LIBRARY | Open Shelf | 01.11.2021 | DONATED BY DR. WILLIAM OKEDI FROM DEPARTMENT OF PUBLIC HEALTH AND BEHAVERIAL SCIENCES | RA399 .O59 2021 C2 | 28004350 | 01.11.2021 | C2 | 01.11.2021 | AUC Undergraduate Projects | PW |